Statistics for Every Champions League Finalist

Click here to take the quiz!

General Stats

  • This quiz has been taken 121 times
    (10 since last reset)
  • The average score is 144 of 519

Answer Stats

#NationalityClub(s)Player% Correct
3GermanyBayern Munich (3)Philipp Lahm
90%
3ArgentinaFC Barcelona (3)Lionel Messi
90%
2GermanyBayern Munich (2)Oliver Kahn
90%
4WalesReal Madrid (4)Gareth Bale
90%
6PortugalManchester United (2) & Real Madrid (4)Cristiano Ronaldo
90%
1FranceChelsea (1)N'Golo Kanté
80%
3SpainFC Barcelona (3)Gerard Piqué
80%
1South KoreaTottenham Hotspur (1)Heung-min Son
80%
1EnglandTottenham Hotspur (1)Harry Kane
80%
3EnglandManchester United (3)Wayne Rooney
80%
1EnglandTottenham Hotspur (1)Dele Alli
80%
4CroatiaReal Madrid (4)Luka Modrić
80%
6ItalyAC Milan (6)Paolo Maldini
80%
2EgyptLiverpool (2)Mohamed Salah
80%
4WalesManchester United (4)Ryan Giggs
80%
2BrazilFC Barcelona (1) & Paris Saint-Germain (1)Neymar
80%
2FranceBayern Munich (2)Franck Ribery
80%
2EnglandChelsea (2)Frank Lampard
80%
1UruguayFC Barcelona (1)Luis Suárez
80%
2AustriaBayern Munich (2)David Alaba
70%
3SpainFC Barcelona (3)Xavi
70%
3FranceJuventus (2) & Real Madrid (1)Zinedine Zidane
70%
2PolandBorussia Dortmund (1) & Bayern Munich (1)Robert Lewandowski
70%
3ArgentinaManchester United (2) & Juventus (1)Carlos Tevez
70%
2GermanyBorussia Dortmund (1) & Manchester City (1)İlkay Gündoğan
70%
2FranceArsenal (1) & FC Barcelona (1)Thierry Henry
70%
2UruguayAtlético Madrid (2)Diego Godín
70%
3EnglandManchester United (3)Paul Scholes
70%
3EnglandManchester United (3)Rio Ferdinand
70%
2Ivory CoastChelsea (2)Didier Drogba
70%
2NetherlandsLiverpool (2)Virgil van Dijk
70%
1FranceTottenham Hotspur (1)Hugo Lloris
70%
4GermanyBayern Munich (4)Thomas Müller
70%
5NetherlandsAjax (2) & Manchester United (3)Edwin van der Sar
70%
1EnglandChelsea (1)John Terry
70%
1GermanyBorussia Dortmund (1)Marco Reus
70%
1BrazilLiverpool (1)Alisson
70%
1MexicoManchester United (1)Javier Hernández
60%
4SpainReal Madrid (4)Sergio Ramos
60%
2BelgiumAtlético Madrid (1) & Tottenham Hotspur (1)Toby Alderweireld
60%
1EcuadorManchester United (1)Antonio Valencia
60%
1ItalyJuventus (1)Giorgio Chiellini
60%
1EnglandManchester United (1)David Beckham
60%
1EnglandManchester United (1)Gary Neville
60%
1BrazilArsenal (1)Gilberto Silva
60%
2NetherlandsAjax (2)Ronald de Boer
60%
3SpainReal Madrid (3)Iker Casillas
60%
2NetherlandsAjax (2)Frank de Boer
60%
2EnglandLiverpool (2)Steven Gerrard
60%
2BrazilParis Saint-Germain (1) & Chelsea (1)Thiago Silva
60%
1EnglandTottenham Hotspur (1)Danny Rose
60%
2UkraineAC Milan (2)Andriy Shevchenko
60%
2SpainLiverpool (2)Xabi Alonso
60%
1BelgiumTottenham Hotspur (1)Jan Vertonghen
60%
1SpainValencia (1)Juan Sánchez
60%
1FranceAtlético Madrid (1)Lucas Hernandez
60%
2ScotlandLiverpool (2)Andrew Robertson
60%
3ItalyJuventus (3)Gianluigi Buffon
60%
3GermanyBayern Munich (3)Mario Gómez
60%
3NetherlandsBayern Munich (3)Arjen Robben
60%
3CameroonFC Barcelona (2) & Inter Milan (1)Samuel Eto'o
60%
1ArgentinaManchester City (1)Sergio Agüero
60%
4ItalyAC Milan (3) & Juventus (1)Andrea Pirlo
60%
1FranceJuventus (1)Paul Pogba
60%
1GermanyFC Barcelona (1)Marc-André ter Stegen
60%
1BrazilManchester City (1)Fernandinho
60%
3SpainFC Barcelona (3)Sergio Busquets
60%
1EnglandChelsea (1)Reece James
60%
2CzechiaChelsea (2)Petr Čech
60%
3ItalyJuventus (1) & AC Milan (2)Filippo Inzaghi
60%
1EnglandLiverpool (1)Joe Gomez
60%
4SpainFC Barcelona (4)Andrés Iniesta
60%
1CameroonLiverpool (1)Joël Matip
60%
1EnglandManchester City (1)Raheem Sterling
60%
1PortugalManchester City (1)Bernardo Silva
60%
2BrazilLiverpool (2)Roberto Firmino
50%
1SenegalChelsea (1)Édouard Mendy
50%
2EnglandLiverpool (2)Trent Alexander-Arnold
50%
1United StatesChelsea (1)Christian Pulisic
50%
1ArgentinaInter Milan (1)Diego Milito
50%
2EnglandLiverpool (2)Jordan Henderson
50%
1NetherlandsLiverpool (1)Dirk Kuyt
50%
2SenegalLiverpool (2)Sadio Mané
50%
1BelgiumAtlético Madrid (1)Thibaut Courtois
50%
1AlgeriaManchester City (1)Riyad Mahrez
50%
1GermanyLiverpool (1)Emre Can
50%
1SpainBayern Munich (1)Javi Martinez
50%
1BelgiumManchester City (1)Kevin De Bruyne
50%
1SpainBayern Munich (1)Thiago Alcântara
50%
1BrazilManchester City (1)Gabriel Jesus
50%
1SwedenBayern Munich (1)Patrik Andersson
50%
1EnglandManchester City (1)John Stones
50%
1CroatiaChelsea (1)Mateo Kovačić
50%
2BrazilManchester United (2)Anderson
50%
1EnglandChelsea (1)Joe Cole
50%
1DenmarkManchester United (1)Peter Schmeichel
50%
1EnglandManchester United (1)Andy Cole
50%
1EnglandBayern Munich (1) | Manchester United (1)Owen Hargreaves
50%
1NorwayManchester United (1)Ole Gunnar Solskjær
50%
1Trinidad & TobagoManchester United (1)Dwight Yorke
50%
2ArgentinaReal Madrid (1) & Paris Saint-Germain (1)Ángel Di María
50%
2South KoreaManchester United (2)Ji-sung Park
50%
1PortugalReal Madrid (1)Luís Figo
50%
1FranceParis Saint-Germain (1)Kylian Mbappé
50%
2CroatiaBayern Munich (1) & Juventus (1)Mario Mandzukić
50%
3SpainReal Madrid (3)Raúl
50%
4FranceReal Madrid (4)Karim Benzema
50%
2FinlandAjax (2)Jari Litmanen
50%
3EnglandArsenal (1) & Chelsea (2)Ashley Cole
50%
3BrazilReal Madrid (3)Roberto Carlos
50%
2NetherlandsAjax (2)Patrick Kluivert
50%
3FranceOlympique Marseille (1) & AC Milan (2)Marcel Desailly
50%
3GermanyBayern Munich (3)Manuel Neuer
50%
3SpainFC Barcelona (3)Carles Puyol
50%
4GermanyBayern Munich (1) & Real Madrid (3)Toni Kroos
50%
3SerbiaManchester United (3)Nemanja Vidić
50%
5NetherlandsAjax (1), Real Madrid (1) & AC Milan (3)Clarence Seedorf
50%
2BulgariaBayer Leverkusen (1) & Manchester United (1)Dimitar Berbatov
50%
3ArgentinaLiverpool (1) & FC Barcelona (2)Javier Mascherano
50%
2PortugalAC Milan (2)Rui Costa
50%
1EnglandManchester United (1)Nicky Butt
40%
1FranceAtlético Madrid (1)Antoine Griezmann
40%
1IrelandManchester United (1)John O'Shea
40%
1EnglandManchester United (1)Wes Brown
40%
1PortugalManchester City (1)Rúben Días
40%
1SpainArsenal (1)Cesc Fàbregas
40%
1Ivory CoastArsenal (1)Kolo Touré
40%
3FranceReal Madrid (3)Raphaël Varane
40%
1EnglandArsenal (1)Sol Campbell
40%
1ItalyAC Milan (1)Stefano Nava
40%
1GhanaOlympique Marseille (1)Abedi Pele
40%
1ArgentinaAC Milan (1)Hernán Crespo
40%
1GermanyParis Saint-Germain (1)Julian Draxler
40%
1ItalyParis Saint-Germain (1)Marco Verratti
40%
1UkraineManchester City (1)Oleksandr Zinchenko
40%
3SpainFC Barcelona (3)Pedro
40%
1SpainAtlético Madrid (1)Diego Costa
40%
1EnglandChelsea (1)Mason Mount
40%
1ArgentinaInter Milan (1)Javier Zanetti
40%
1ArgentinaInter Milan (1)Esteban Cambiasso
40%
1Ivory CoastFC Barcelona (1)Yaya Touré
40%
1CroatiaFC Barcelona (1)Ivan Rakitić
40%
4ItalyJuventus (4)Alessandro Del Piero
40%
4FranceOlympique Marseille (1) & Juventus (3)Didier Deschamps
40%
1GermanyChelsea (1)Timo Werner
40%
1GermanyChelsea (1)Kai Havertz
40%
4Costa RicaReal Madrid (3) & Paris Saint-Germain (1)Keylor Navas
40%
4BrazilReal Madrid (4)Marcelo
40%
4SpainReal Madrid (4)Isco
40%
1EnglandManchester City (1)Phil Foden
40%
1BelgiumLiverpool (1)Divock Origi
40%
1GermanyBorussia Dortmund (1)Mats Hummels
40%
1GermanyBayern Munich (1)Lothar Matthäus
40%
3GermanyBayern Munich (3)Bastian Schweinsteiger
40%
1PolandLiverpool (1)Jerzy Dudek
40%
3GermanyBayern Munich (3)Jérôme Boateng
40%
1BrazilManchester City (1)Ederson
40%
2GermanyReal Madrid (1) & Juventus (1)Sami Khedira
40%
1FranceTottenham Hotspur (1)Moussa Sissoko
40%
1EnglandManchester City (1)Kyle Walker
40%
1EnglandTottenham Hotspur (1)Eric Dier
40%
1SloveniaAtlético Madrid (1)Jan Oblak
40%
1PortugalReal Madrid (1)Pepe
40%
2PortugalPorto (1) & Chelsea (1)Ricardo Carvalho
40%
1DenmarkTottenham Hotspur (1)Christian Eriksen
40%
2SpainChelsea (1) & Atlético Madrid (1)Fernando Torres
40%
2GermanyBayer Leverkusen (1) & Bayern Munich (1)Hans-Jörg Butt
40%
2GermanyBayer Leverkusen (1) & Chelsea (1)Michael Ballack
40%
2MaliFC Barcelona (2)Seydou Keita
40%
2SpainFC Barcelona (1) & Atlético Madrid (1)David Villa
40%
2FranceReal Madrid (1) & Chelsea (1)Claude Makélélé
40%
2NetherlandsLiverpool (2)Georginio Wijnaldum
40%
1PortugalPorto (1)Jorge Costa
40%
1BrazilTottenham Hotspur (1)Lucas Moura
40%
2SpainAtlético Madrid (2)Koke
30%
2AustraliaLiverpool (2)Harry Kewell
30%
1EnglandManchester United (1)Teddy Sheringham
30%
2EnglandLiverpool (2)James Milner
30%
1GhanaChelsea (1)Michael Essien
30%
1FranceAS Monaco (1)Édouard Cissé
30%
2EnglandLiverpool (2)Jamie Carragher
30%
3ItalyAC Milan (3)Gennaro Gattuso
30%
4SpainReal Madrid (4)Dani Carvajal
30%
3BrazilReal Madrid (3)Casemiro
30%
2NetherlandsAjax (2)Danny Blind
30%
2FranceReal Madrid (1) & Chelsea (1)Nicolas Anelka
30%
3SpainFC Barcelona (3)Víctor Valdés
30%
2ItalyJuventus (2)Leonardo Bonucci
30%
1FranceBayern Munich (1)Corentin Tolisso
30%
1FranceLiverpool (1)Djibril Cissé
30%
3ItalyAC Milan (3)Sebastiano Rossi
30%
3ItalyAC Milan (3)Alessandro Nesta
30%
1GermanyBayern Munich (1)Joshua Kimmich
30%
1GermanyBayern Munich (1)Holger Badstuber
30%
1CroatiaLiverpool (1)Dejan Lovren
30%
2FranceJuventus (1) & Bayern Munich (1)Kingsley Coman
30%
1BulgariaFC Barcelona (1)Hristo Stoichkov
30%
1CanadaBayern Munich (1)Alphonso Davies
30%
1BrazilLiverpool (1)Fabinho
30%
2Ivory CoastChelsea (2)Salomon Kalou
30%
1SwitzerlandJuventus (1)Stephan Lichtsteiner
30%
1ScotlandBorussia Dortmund (1)Paul Lambert
30%
2SpainJuventus (1) & Tottenham Hotspur (1)Fernando Llorente
30%
2ItalyJuventus (2)Andrea Barzagli
30%
1IrelandManchester United (1)Denis Irwin
30%
1FranceAS Monaco (1)Julien Rodriguez
30%
2GermanyBayern Munich (2)Stefan Effenberg
30%
1BrazilParis Saint-Germain (1)Marquinhos
30%
1FranceOlympique Marseille (1)Fabien Barthez
30%
4NetherlandsAjax (2) & Juventus (2)Edgar Davids
30%
1NetherlandsAC Milan (1)Marco van Basten
30%
2PortugalManchester United (2)Nani
30%
1FranceJuventus (1)David Trezeguet
30%
1SpainFC Barcelona (1)Jordi Alba
30%
1FranceAC Milan (1)Jean-Pierre Papin
30%
1FranceOlympique Marseille (1)Basile Boli
30%
1ChileJuventus (1)Arturo Vidal
30%
1BrazilAC Milan (1)Cafu
30%
2BrazilAC Milan (2)Kaká
30%
1ArgentinaJuventus (1)Gonzalo Higuaín
30%
2SpainReal Madrid (2)Marco Asensio
30%
1GhanaInter Milan (1)Sulley Muntari
30%
1NetherlandsInter Milan (1)Wesley Sneijder
30%
1ItalyJuventus (1)Christian Vieri
30%
1TurkeyBayern Munich (1)Hamit Altıntop
30%
2NetherlandsManchester United (1) & AC Milan (1)Jaap Stam
30%
2ItalyAC Milan (2)Franco Baresi
30%
1CroatiaReal Madrid (1)Davor Šuker
30%
1NorwayManchester United (1)Ronny Johnsen
30%
1FranceFC Barcelona (1)Eric Abidal
30%
1SwedenManchester United (1)Jesper Blomqvist
30%
2BrazilBayer Leverkusen (1) & Inter Milan (1)Lúcio
20%
1GermanyBorussia Dortmund (1)Roman Weidenfeller
20%
1SwedenFC Barcelona (1)Henrik Larsson
20%
5FranceAS Monaco (1), Manchester United (3) & Juventus (1)Patrice Evra
20%
2GermanyBayern Munich (2)Carsten Jancker
20%
1GermanyBorussia Dortmund (1)Matthias Sammer
20%
1ItalyChelsea (1)Jorginho
20%
1ArgentinaJuventus (1)Roberto Pereyra
20%
1BrazilInter Milan (1)Júlio César
20%
1BrazilInter Milan (1)Maicon
20%
1GermanyBorussia Dortmund (1)Marcel Schmelzer
20%
1CzechiaLiverpool (1)Vladimír Šmicer
20%
1EnglandLiverpool (1)Adam Lallana
20%
1GermanyBorussia Dortmund (1)Jürgen Kohler
20%
1FinlandLiverpool (1)Sami Hyypiä
20%
1ItalyInter Milan (1)Marco Materazzi
20%
1BrazilFC Barcelona (1)Romário
20%
1FranceFC Barcelona (1)Jérémy Mathieu
20%
1BosniaJuventus (1)Miralem Pjanić
20%
3ItalyAC Milan (3)Alessandro Costacurta
20%
2FranceChelsea (2)Florent Malouda
20%
4SpainReal Madrid (3) & AS Monaco (1)Fernando Morientes
20%
1NetherlandsFC Barcelona (1)Ronald Koeman
20%
1GermanyChelsea (1)Antonio Rüdiger
20%
2GhanaBayern Munich (2)Samuel Kuffour
20%
1EnglandChelsea (1)Ryan Bertrand
20%
1SpainChelsea (1)César Azpilicueta
20%
2SpainAtlético Madrid (2)Juanfran
20%
1NetherlandsFC Barcelona (1)Giovanni van Bronckhorst
20%
1NigeriaChelsea (1)John Obi Mikel
20%
1EnglandChelsea (1)Gary Cahill
20%
1EnglandChelsea (1)Ben Chilwell
20%
1BrazilFC Barcelona (1)Ronaldinho
20%
1SpainFC Barcelona (1)Eusebio
20%
1ItalyJuventus (1)Gianluca Zambrotta
20%
1BrazilChelsea (1)David Luiz
20%
1MexicoFC Barcelona (1)Rafael Márquez
20%
1ColombiaJuventus (1)Juan Cuadrado
20%
1DenmarkChelsea (1)Andreas Christensen
20%
1GermanyBayern Munich (1)Leon Goretzka
20%
1ArgentinaValencia (1)Claudio López
20%
2NorwayLiverpool (2)John Arne Riise
20%
1PortugalReal Madrid (1)Fábio Coentrão
20%
1PortugalAtlético Madrid (1)Tiago
20%
1MontenegroAtlético Madrid (1)Stefan Savić
20%
2NigeriaAjax (2)Nwankwo Kanu
20%
1SpainReal Madrid (1)César
20%
1BrazilAtlético Madrid (1)Miranda
20%
1BelgiumAtlético Madrid (1)Yannick Carrasco
20%
3ItalyAC Milan (3)Roberto Donadoni
20%
1BrazilManchester United (1)Fábio
20%
1ArgentinaAtlético Madrid (1)Augusto Fernández
20%
1ItalyAS Monaco (1)Flavio Roma
20%
3SpainReal Madrid (2) & Juventus (1)Álvaro Morata
20%
1SwedenArsenal (1)Fredrik Ljungberg
20%
1SpainArsenal (1)José Antonio Reyes
20%
1SpainAtlético Madrid (1)Saúl
20%
1Ivory CoastArsenal (1)Emmanuel Eboué
20%
1FranceArsenal (1)Robert Pires
20%
3SpainReal Madrid (3)Fernando Hierro
20%
1BelarusArsenal (1)Alexander Hleb
20%
3FranceValencia (2) & Olympique Marseille (1)Jocelyn Angloma
20%
1GermanyOlympique Marseille (1)Rudi Völler
20%
1CameroonParis Saint-Germain (1)Eric Maxim Choupo-Moting
20%
1SerbiaInter Milan (1)Dejan Stanković
20%
1FranceParis Saint-Germain (1)Presnel Kimpembe
20%
2CroatiaOlympique Marseille (1) & Juventus (1)Alen Bokšić
20%
2ArgentinaValencia (2)Kily González
20%
2EnglandReal Madrid (2)Steve McManaman
20%
2PortugalPorto (1) & FC Barcelona (1)Deco
20%
1SpainAtlético Madrid (1)Raúl García
20%
3EnglandManchester United (3)Michael Carrick
20%
1EnglandTottenham Hotspur (1)Harry Winks
20%
1SpainLiverpool (1)Pepe Reina
20%
1GermanyBayern Munich (1)Niklas Süle
20%
1GermanyLiverpool (1)Loris Karius
20%
1GermanyBayern Munich (1)Markus Babbel
20%
1EnglandTottenham Hotspur (1)Kieran Trippier
20%
2BrazilFC Barcelona (1) & Chelsea (1)Juliano Belletti
20%
1BrazilBayern Munich (1)Philippe Coutinho
20%
1SpainLiverpool (1)Luis García
20%
1GermanyBayern Munich (1)Mario Basler
20%
3BrazilFC Barcelona (2) & Juventus (1)Dani Alves
20%
2ItalyJuventus (2)Claudio Marchisio
20%
1PortugalPorto (1)Paulo Ferreira
20%
1North MacedoniaInter Milan (1)Goran Pandev
20%
1ItalyJuventus (1)Pietro Vierchowod
10%
1SpainParis Saint-Germain (1)Ander Herrera
10%
1MaliLiverpool (1)Djimi Traoré
10%
1PortugalPorto (1)Maniche
10%
1BrazilJuventus (1)Alex Sandro
10%
1EnglandLiverpool (1)Jermaine Pennant
10%
1SpainValencia (1)Gerard
10%
1ArgentinaJuventus (1)Paulo Dybala
10%
1GermanyParis Saint-Germain (1)Thilo Kehrer
10%
1EnglandLiverpool (1)Peter Crouch
10%
1ArgentinaParis Saint-Germain (1)Leandro Paredes
10%
1FranceReal Madrid (1)Christian Karembeu
10%
1GermanyReal Madrid (1)Bodo Illgner
10%
1SpainParis Saint-Germain (1)Juan Bernat
10%
1BrazilPorto (1)Carlos Alberto
10%
1BrazilPorto (1)Derlei
10%
1PortugalPorto (1)Nuno Valente
10%
1PortugalPorto (1)Costinha
10%
1GermanyLiverpool (1)Dietmar Hamann
10%
1CroatiaJuventus (1)Igor Tudor
10%
1DenmarkLiverpool (1)Daniel Agger
10%
1ItalyJuventus (1)Mauro Camoranesi
10%
1YugoslaviaReal Madrid (1)Predrag Mijatović
10%
1BrazilReal Madrid (1)Danilo
10%
1ItalyJuventus (1)Gianluca Vialli
10%
1SpainLiverpool (1)Álvaro Arbeloa
10%
1SpainReal Madrid (1)Aitor Karanka
10%
1ItalyJuventus (1)Fabrizio Ravanelli
10%
1NetherlandsLiverpool (1)Boudewijn Zenden
10%
1SpainReal Madrid (1)Iván Campo
10%
1SpainValencia (1)Gerardo
10%
1FranceOlympique Marseille (1)Jean-Jacques Eydelie
10%
1CzechiaLiverpool (1)Milan Baroš
10%
1ArgentinaReal Madrid (1)Santiago Solari
10%
1PortugalPorto (1)Pedro Mendes
10%
1ItalyJuventus (1)Sergio Porrini
10%
1FranceOlympique Marseille (1)Éric Di Meco
10%
1FranceOlympique Marseille (1)Franck Sauzée
10%
1FranceOlympique Marseille (1)Jean-Christophe Thomas
10%
1PortugalPorto (1)Vítor Baía
10%
1FranceJuventus (1)Lilian Thuram
10%
1GermanyBayern Munich (1)Jens Jeremies
10%
1RomaniaInter Milan (1)Cristian Chivu
10%
2GeorgiaAC Milan (2)Kakha Kaladze
10%
1NetherlandsAjax (1)Winston Bogarde
10%
1FranceArsenal (1)Mathieu Flamini
10%
1GermanyArsenal (1)Jens Lehmann
10%
1ArgentinaAS Monaco (1)Hugo Ibarra
10%
1ArgentinaAS Monaco (1)Lucas Bernardi
10%
2ItalyAC Milan (2)Mauro Tassotti
10%
2ItalyAC Milan (2)Massimo Ambrosini
10%
1FranceAS Monaco (1)Gaël Givet
10%
2ItalyAC Milan (2)Gianluigi Lentini
10%
1FranceAS Monaco (1) | FC Barcelona (1)Ludovic Giuly
10%
1GreeceAS Monaco (1)Akis Zikos
10%
1NetherlandsAjax (1)Michael Reiziger
10%
2CroatiaAC Milan (2)Zvonimir Boban
10%
1GhanaAtlético Madrid (1)Thomas
10%
1SpainAtlético Madrid (1)Adrián
10%
2BrazilAC Milan (2)Serginho
10%
1CroatiaBayer Leverkusen (1)Boris Živković
10%
2NetherlandsAC Milan (1) & Ajax (1)Frank Rijkaard
10%
1GermanyBayer Leverkusen (1)Bernd Schneider
10%
3UruguayJuventus (3)Paolo Montero
10%
2NetherlandsFC Barcelona (1) & Bayern Munich (1)Mark van Bommel
10%
3ItalyJuventus (3)Antonio Conte
10%
1ArgentinaInter Milan (1)Walter Samuel
10%
1NetherlandsAjax (1)Marc Overmars
10%
3ItalyJuventus (3)Angelo Di Livio
10%
2GermanyBayern Munich (2)Mehmet Scholl
10%
2PortugalJuventus (1) & Borussia Dortmund (1)Paulo Sousa
10%
2ItalyJuventus (2)Gianluca Pessotto
10%
2ItalyJuventus (2)Mark Iuliano
10%
2ItalyJuventus (2)Moreno Torricelli
10%
2YugoslaviaJuventus (2)Vladimir Jugović
10%
2IrelandLiverpool (2)Steve Finnan
10%
2ArgentinaReal Madrid (2)Fernando Redondo
10%
2SpainReal Madrid (2)Iván Helguera
10%
2SpainReal Madrid (2)Manuel Sanchís
10%
2SpainReal Madrid (2)Míchel Salgado
10%
2SpainValencia (2)Gaizka Mendieta
10%
1YugoslaviaAC Milan (1)Dejan Savićević
10%
2SpainValencia (2)Santiago Cañizares
10%
2CroatiaBayern Munich (2)Ivica Olić
10%
2BosniaBayern Munich (2)Hasan Salihamidžić
10%
1CzechiaAC Milan (1)Marek Jankulovski
10%
2BelgiumBayern Munich (2)Daniel Van Buyten
10%
2SpainAtlético Madrid (2)Gabi
10%
1ItalyAC Milan (1)Filippo Galli
10%
2BrazilAtlético Madrid (2)Filipe Luís
10%
2NigeriaAjax (2)Finidi George
10%
1ItalyAC Milan (1)Massimo Oddo
10%
3ItalyJuventus (3)Angelo Peruzzi
10%
3ItalyJuventus (3)Ciro Ferrara
10%
3ItalyJuventus (3)Alessio Tacchinardi
10%
1BrazilFC Barcelona (1)Sylvinho
10%
1PolandBorussia Dortmund (1)Łukasz Piszczek
10%
1SerbiaBorussia Dortmund (1)Neven Subotić
10%
1SwitzerlandBorussia Dortmund (1)Stéphane Chapuisat
10%
3ItalyAC Milan (3)Daniele Massaro
10%
3BrazilAC Milan (3)Dida
10%
1TurkeyBorussia Dortmund (1)Nuri Şahin
10%
1PortugalChelsea (1)José Bosingwa
10%
1SpainChelsea (1)Juan Mata
10%
1BrazilFC Barcelona (1)Edmílson
10%
1NetherlandsFC Barcelona (1)Ibrahim Afellay
10%
1PolandBorussia Dortmund (1)Jakub Błaszczykowski
10%
3ItalyAC Milan (2) & Real Madrid (1)Christian Panucci
10%
1SpainFC Barcelona (1)Albert Ferrer
10%
1SpainFC Barcelona (1)Andoni Zubizarreta
10%
1SpainFC Barcelona (1)Guillermo Amor
10%
1SpainFC Barcelona (1)José Mari Bakero
10%
1SpainFC Barcelona (1)Miguel Ángel Nadal
10%
1SpainFC Barcelona (1)Oleguer
10%
1SpainFC Barcelona (1)Pep Guardiola
10%
1SpainFC Barcelona (1)Sergi
10%
1SpainFC Barcelona (1)Txiki Begiristain
10%
3ItalyAC Milan (3)Demetrio Albertini
10%
2GermanyBayern Munich (2)Thomas Linke
10%
1GermanyBorussia Dortmund (1)Sven Bender
10%
1GermanyBorussia Dortmund (1)Karl-Heinz Riedle
10%
1BrazilBayern Munich (1)Dante
10%
1CroatiaBayern Munich (1)Ivan Perišić
10%
1FranceBayern Munich (1)Bixente Lizarazu
10%
1FranceBayern Munich (1)Willy Sagnol
10%
1GermanyBayern Munich (1)Diego Contento
10%
1GermanyBayern Munich (1)Miroslav Klose
10%
1GermanyBayern Munich (1)Serge Gnabry
10%
1UkraineBayern Munich (1)Anatoliy Tymoshchuk
10%
1GermanyBorussia Dortmund (1)Jörg Heinrich
10%
1GermanyBorussia Dortmund (1)Andreas Möller
10%
1GermanyBorussia Dortmund (1)Kevin Großkreutz
10%
1GermanyBorussia Dortmund (1)Martin Kree
10%
1GermanyBorussia Dortmund (1)Stefan Reuter
10%
1GermanyBorussia Dortmund (1)Stefan Klos
10%
1SpainReal Madrid (1)Jaime
0%
1BrazilReal Madrid (1)Flávio Conceição
0%
1ArgentinaValencia (1)Pablo Aimar
0%
1BrazilReal Madrid (1)Sávio
0%
1SpainValencia (1)Miguel Ángel Angulo
0%
1SloveniaValencia (1)Zlatko Zahovič
0%
1SpainValencia (1)David Albelda
0%
1SpainReal Madrid (1)Nacho
0%
1ArgentinaValencia (1)Roberto Ayala
0%
1NorwayValencia (1)John Carew
0%
1RomaniaValencia (1)Adrian Ilie
0%
1BrazilValencia (1)Giovane Élber
0%
1SpainValencia (1)Javier Farinós
0%
2ItalyAC Milan (2)Stefano Eranio
0%
2GermanyBayern Munich (2)Alexander Zickler
0%
1SpainReal Madrid (1)Lucas Vázquez
0%
1BrazilValencia (1)Paulo Sérgio
0%
1ItalyValencia (1)Amedeo Carboni
0%
1SpainReal Madrid (1)José Emilio Amavisca
0%
1NetherlandsAjax (1)Nordin Wooter
0%
1South AfricaPorto (1)Benni McCarthy
0%
1GermanyBorussia Dortmund (1)Heiko Herrlich
0%
1GermanyBayer Leverkusen (1)Thomas Brdarić
0%
1GermanyBayer Leverkusen (1)Ulf Kirsten
0%
1GermanyBayer Leverkusen (1)Zoltán Sebescen
0%
1TurkeyBayer Leverkusen (1)Yıldıray Baştürk
0%
1ArgentinaBayern Munich (1)Martín Demichelis
0%
1BrazilBayern Munich (1)Luiz Gustavo
0%
1GermanyBayern Munich (1)Michael Tarnat
0%
1GermanyBayern Munich (1)Thorsten Fink
0%
1GermanyBorussia Dortmund (1)Julian Schieber
0%
1GermanyBayer Leverkusen (1)Carsten Ramelow
0%
1GermanyBorussia Dortmund (1)Lars Ricken
0%
1GermanyBorussia Dortmund (1)Michael Zorc
0%
1UruguayJuventus (1)Marcelo Zalayeta
0%
1UruguayJuventus (1)Daniel Fonseca
0%
1ItalyJuventus (1)Nicola Amoruso
0%
1ItalyJuventus (1)Michele Padovano
0%
1ItalyJuventus (1)Alessandro Birindelli
0%
1GabonJuventus (1)Mario Lemina
0%
1SpainFC Barcelona (1)Quique Estebaranz
0%
1GermanyBayer Leverkusen (1)Oliver Neuville
0%
1CroatiaBayer Leverkusen (1)Marko Babić
0%
1RussiaPorto (1)Dmitri Alenichev
0%
1ItalyAC Milan (1)Marco Simeone
0%
1PortugalPorto (1)Pedro Emanuel
0%
2ArgentinaValencia (2)Mauricio Pellegrino
0%
2YugoslaviaValencia (2)Miroslav Đukić
0%
1BrazilAC Milan (1)Roque Júnior
0%
1FranceParis Saint-Germain (1)Layvin Kurzawa
0%
1DenmarkAC Milan (1)Jon Dahl Tomasson
0%
1ItalyAC Milan (1)Alberto Gilardino
0%
1ItalyAC Milan (1)Giuseppe Favalli
0%
1FranceOlympique Marseille (1)Jean-Philippe Durand
0%
1ArgentinaBayer Leverkusen (1)Diego Placente
0%
1NetherlandsAjax (1)Arnold Scholten
0%
1NetherlandsAjax (1)Kiki Musampa
0%
1NetherlandsAjax (1)Sonny Silooy
0%
1SpainArsenal (1)Manuel Almunia
0%
1CroatiaAS Monaco (1)Dado Pršo
0%
1DR CongoAS Monaco (1)Shabani Nonda
0%
1FranceAS Monaco (1)Jérôme Rothen
0%
1FranceAS Monaco (1)Sébastien Squillaci
0%
1ArgentinaAtlético Madrid (1)José Sosa
0%
1SpainValencia (1)Rubén Baraja
0%

Score Distribution

Percentile by Number Answered

Percent of People with Each Score

Your Score History

You have not taken this quiz since the last reset